000 00946nam a22002897a 4500
003 CHAP
005 20220329140741.0
008 971013s1939 r 00010 d
010 _a57024
011 _a57996
035 _a62151
040 _cCHAP
082 _a338.54
_bS24
100 0 0 _aSchumpeter, Joseph Alois.
_9103246
245 _aBusiness cycles
_b: a theoretical, historical and statistical analysis of the capitalist process
260 _aNew York :
_bMcGraw-Hill,
_c1939
300 _a2 v.
590 _aBATCH-UPD
_b10
_c20130110
_lUCH01
_h1946
590 _aBATCH-UPD
_b10
_c20130410
_lUCH01
_h1309
590 _aBATCH-UPD
_b10
_c20130914
_lUCH01
_h0933
590 _aCONVERSION
_b10
_c20130109
_lUCH01
_h1331
650 1 4 _aCiclos económicos.
_923078
901 _aBK
942 _cLIBRO
949 _a338.54 S24
_bBC
_cLIBRO
_d-133220
_eLIBRO
_fv.1
_h6198
_i62151
_si
949 _a338.54 S24
_bBC
_cLIBRO
_d-133222
_eLIBRO
_fv.2
_h6199
_i62151
_si
999 _c57024
_d57024